Maritime economics

Αποθηκεύτηκε σε:
Λεπτομέρειες βιβλιογραφικής εγγραφής
Κύριος συγγραφέας: Stopford, Martin
Μορφή: Βιβλίο
Γλώσσα:English
Δημοσίευση: London : Routledge, c2009
Έκδοση:3rd ed.
Θέματα:
Ετικέτες: Προσθήκη ετικέτας
Δεν υπάρχουν, Καταχωρήστε ετικέτα πρώτοι!

MARC

LEADER 00000cam a2200000 i 4500
001 1/12919
008 110411s2009 eng d
020 |a 978-0-415-27558-3 (pbk) 
035 |l 10109984 
040 |a GR-MY-UA  |b gre  |e aacr 
041 0 |a eng 
082 0 |a 387.51  |2 (22) 
100 1 |a Stopford, Martin. 
245 1 0 |a Maritime economics /  |c Martin Stopford 
250 |a 3rd ed. 
260 |a London :   |b Routledge,   |c c2009 
300 |a xxiv, 815 σ.;  |b εικ. πίν.;  |c 25 εκ. 
504 |a Βιβλιογραφία: σ.783-791 
504 |a Ευρετήριο: σ.793-815 
650 0 0 |a Merchant marine. 
650 0 0 |a Shipping. 
767 0 8 |i Μεταφρασμένο ως:   |t Ναυτιλιακή οικονομική /  
852 |a INST  |b CHIOS  |e 20110411  |h 387.51 STO  |p 005200031256  |q 005200031256  |t BK  |y 0 
852 |a INST  |b CHIOS  |e 20120111  |h 387.51 STO  |p 005200033162  |q 005200033162  |t BK  |y 0 
852 |a INST  |b CHIOS  |e 20141030  |h 387.51 STO  |p 005200035815  |q 005200035815  |t BK  |y 0 
901 |a BIBL2-2011-1 
901 |a BIBL2-2012-1 
901 |a BIBL2-2014-3 
909 |a Χ  |b 167506 
909 |a Χ  |b 168880 
909 |a Χ  |b 189121 
922 |a 2ΕΛΗ  |b 201011  |c ΤΑΚ/ΤΝΕΥ  |d Μιχαλόπουλος 
922 |a 2ΕΛΗ  |b 201410  |c ΤΑΚ/ΤΝΕΥ  |d Δρες 
970 |a Σπέντζα  |b Ελένη  |z 2011/04/11